| 000 | 00908cam a22002057a 4500 | ||
|---|---|---|---|
| 020 | _a0819447056 | ||
| 050 | 0 | 0 |
_aR857.O6 _bO66 2002 |
| 245 | 0 | 0 |
_aOptics in health care and biomedical optics : _bdiagnostics and treatment : 15-18 October 2002, Shanghai, China / _cBritton Chance, Mingzhe Chen, Gilwon Yoon, chairs/editors ; sponsored by SPIE--the International Society for Optical Engineering [and] COS--Chinese Optical Society ; cooperating organizations, Shanghai Jiaotong University (China) ... [et al.] ; supported by National Natural Science Foundation of China ... [et al.]. |
| 260 |
_aBellingham, Wash., USA : _bSPIE, _c2002. |
||
| 300 | _axiii, 550 p. : | ||
| 650 | 0 | _vCongresses. | |
| 650 | 0 | _vCongresses. | |
| 650 | 0 | _vCongresses. | |
| 650 | 0 | _vCongresses. | |
| 650 | 0 | _vCongresses. | |
| 700 | 1 | _aChance, Britton. | |
| 700 | 1 | _aChen, Mingzhe. | |
| 700 | 1 | _aYoon, Gilwon, | |
| 942 |
_2lcc _cGEN |
||
| 999 |
_c14137 _d14137 |
||